| 000 | 00553nam a2200217Ia 4500 | ||
|---|---|---|---|
| 003 | OSt | ||
| 005 | 20230419102501.0 | ||
| 008 | 210423s2010 xx 000 0 und d | ||
| 020 | _a9789350514993 | ||
| 040 | _cAL | ||
| 041 | _aeng | ||
| 082 |
_a337 _223 _bRAOP |
||
| 100 |
_aRAO (P Subba). _990448 |
||
| 245 | _aInternational business: text and cases. | ||
| 250 | _a3 | ||
| 260 |
_aMumbai _bHimalaya Publishing House _c2010 |
||
| 300 |
_axviii,638 _bPB |
||
| 365 |
_b425 _cINR |
||
| 906 | _abusiness: ; cases. ; International | ||
| 942 |
_2ddc _cBK |
||
| 999 |
_c160701 _d160701 |
||